The cows

Bibliographic Details
Main Author: O ' Porter, Dawn
Format: Book
Published: London : HarperCollins Publishers , 2017
Subjects:

MARC

LEADER 00000cam a2200000 7i4500
001 0000223473
005 20180503.0
020 |a 9780008240981 
090 0 0 |a F   |b OPO 
100 1 |a O ' Porter, Dawn 
245 1 4 |a The cows   |c Dawn O'Porter 
260 |a London :   |b HarperCollins Publishers ,   |c 2017 
300 |a 439p. ;   |c 23cm. 
650 0 |a Fiction 
999 |a 00356917   |b BUKU   |c PINJAMAN   |e PERPUSTAKAAN KOMUNITI PETALING JAYA